[Event "Landsturneringen NM i sjakk 2013"]
[Site "Radisson Blu Lillehammer Hotel"]
[Date "2013.06.29"]
[Round "8"]
[White "Olsen, Knut"]
[Black "Wilhelmsen, Morten"]
[Result "1-0"]
[WhiteElo "1245"]
[BlackElo "1097"]
[PlyCount "57"]
[EventDate "2013.??.??"]

1. d4 Nf6 2. c4 g6 3. Nc3 Bg7 4. e3 d6 5. Nf3 O-O 6. Be2 d5 7. h3 c6 8. O-O Ne4
9. Qc2 f5 10. Nd2 Nxc3 11. bxc3 e5 12. cxd5 cxd5 13. Ba3 Re8 14. Rab1 Nc6 15.
Bb5 Qc7 16. Nb3 b6 17. Rbc1 Bb7 18. c4 Red8 19. cxd5 Rxd5 20. Bxc6 Bxc6 21.
Qxc6 Qd8 22. Be7 Qe8 23. Qxd5+ Kh8 24. Rc7 Rc8 25. Rxc8 Qxc8 26. Qd8+ Qxd8 27.
Bxd8 exd4 28. Nxd4 h6 29. Nc6 1-0

[Event "Landsturneringen NM i sjakk 2013"]
[Site "Radisson Blu Lillehammer Hotel"]
[Date "2013.06.29"]
[Round "9"]
[White "Skaslien, Tor"]
[Black "Endresen, Ola Torstein"]
[Result "*"]
[WhiteElo "1234"]
[BlackElo "1200"]
[PlyCount "80"]
[EventDate "2013.??.??"]

1. d4 Nf6 2. Nf3 e6 3. Bg5 Be7 4. Nbd2 b6 5. e3 Bb7 6. Bd3 d6 7. c3 Nbd7 8. O-O
h6 9. Bxf6 Nxf6 10. Qa4+ c6 11. b4 O-O 12. Ba6 Bxa6 13. Qxa6 Qc8 14. Qd3 Rd8
15. Qe2 c5 16. Rfc1 Qb7 17. Rab1 Rac8 18. b5 Rc7 19. c4 Ra8 20. a4 Qc8 21. Nb3
Bf8 22. a5 Nd7 23. a6 Qd8 24. Nbd2 Rac8 25. Rd1 Nf6 26. h3 Qe8 27. Rbc1 Nd7 28.
Re1 Be7 29. e4 cxd4 30. Nxd4 Bg5 31. Nc6 Nb8 32. Nxb8 Rxb8 33. Rc2 Rbc8 34. Nf3
Bf6 35. Qd3 Be7 36. Nd4 Bf8 37. g3 Be7 38. Nc6 Bf8 39. f3 Kh8 40. Kg2 Be7 *

[Event "Landsturneringen NM i sjakk 2013"]
[Site "Radisson Blu Lillehammer Hotel"]
[Date "2013.06.29"]
[Round "9"]
[White "Nesheim, Mathias"]
[Black "Sand, Morten"]
[Result "1-0"]
[WhiteElo "1000"]
[BlackElo "1202"]
[PlyCount "43"]
[EventDate "2013.??.??"]

1. d4 d5 2. Bf4 Nf6 3. Nf3 e6 4. e3 c6 5. c4 Qa5+ 6. Nfd2 Bb4 7. Bd3 dxc4 8.
Bxc4 Ne4 9. Bd3 Nxf2 10. Kxf2 Qd8 11. Nf3 Nd7 12. Rf1 Nf6 13. Qb3 Nd5 14. Bg3
Be7 15. a3 f5 16. Nc3 Nf6 17. Kg1 b5 18. Rac1 O-O 19. Bxf5 Nd5 20. e4 exf5 21.
exd5 Kh8 22. dxc6 1-0

[Event "Landsturneringen NM i sjakk 2013"]
[Site "Radisson Blu Lillehammer Hotel"]
[Date "2013.06.29"]
[Round "9"]
[White "Suntharalingam, Jeya"]
[Black "Alfstad, Jon Tomas"]
[Result "1-0"]
[WhiteElo "1118"]
[BlackElo "1046"]
[PlyCount "59"]
[EventDate "2013.??.??"]

1. e4 e5 2. Nf3 Nc6 3. Bb5 Nge7 4. Nc3 a6 5. Ba4 b5 6. Bb3 Bb7 7. Nd5 a5 8. a4
Nb4 9. Nxe7 Bxe7 10. d3 d6 11. axb5 O-O 12. c3 Nc6 13. bxc6 Bxc6 14. O-O Qd7
15. Ba4 Bxa4 16. Rxa4 h6 17. b3 c5 18. Be3 Rfc8 19. Nd2 d5 20. d4 exd4 21. cxd4
cxd4 22. Rxd4 Bc5 23. Rxd5 Qe7 24. Bxc5 Rxc5 25. Rxc5 Qxc5 26. Qf3 Rd8 27. Rd1
Qb4 28. Nc4 a4 29. Rxd8+ Kh7 30. Qf5+ 1-0